ბათუმის შოთა რუსთაველის სახელმწიფო უნივერსიტეტის ბიბლიოთეკა

თერაპიული სტომატოლოგია : (ბიბ.ჩანაწერი № 62395)

000 -ლიდერი
ფიქსირებული სიგრძის საკონტროლო ველი 01144nam a22002057a 4500
003 - საკონტროლო ნომრის იდენტიფიკატორი
საკონტროლო ველი Ge_BSU
005 - ბოლო ოპერაციის თარიღი და დრო
საკონტროლო ველი 20241022113749.0
008 - ფიქსირებული სიგრძის მონაცემთა ელემენტები - ზოგადი ინფორმაცია
ფიქსირებული სიგრძის საკონტროლო ველი 241022s1999 ge ||||| |||| 00| 0 geo d
041 ## - ენის კოდი
Language code of text/sound track or separate title geo
080 ## - უნივერსალური ათობითი კლასიფიკაციის ინდექსი
Universal Decimal Classification number 616.31(075.8) თ-49
245 ## - ცნობა სათაურის შესახებ
Title თერაპიული სტომატოლოგია :
Remainder of title [სახელმძღვ.] ტ. 3 /
Statement of responsibility, etc ავტ.: ე. ვ. ბოროვსკი, ი. დ. ბარიშევა, ი. მ. მაქსიმოვსკი და სხვ.]; რედ. დ. ეფრემიძე, ი. გარაყანიძე.
264 ## - წარმოების, გამოცემის, დისტრიბუციის და სხვა ცნობები
გამოცემის, წარმოების, დისტრიბუციის... ადგილი თბ. :
გამოცემის, წარმოების, დისტრიბუციის... სახელწოდება მთაწმინდელი,
გამოცემის, წარმოების, დისტრიბუციის... თარიღი 1999.
300 ## - ფიზიკური აღწერა
Extent 544 გვ. :
Other physical details ილ.
Dimensions 20 სმ.
700 ## - ADDED ENTRY--PERSONAL NAME
Personal name ბოროვსკი, ე. ვ.
Relator term ავტორი
9 (RLIN) 23469
700 ## - ADDED ENTRY--PERSONAL NAME
Personal name ბარიშევა, ი. დ.
Relator term ავტორი
9 (RLIN) 23470
700 ## - ADDED ENTRY--PERSONAL NAME
Personal name მაქსიმოვსკი, ი. მ. და სხვ.
9 (RLIN) 23477
700 ## - ADDED ENTRY--PERSONAL NAME
Personal name ეფრემიძე, დ.
Relator term რედაქტორი
9 (RLIN) 23478
700 ## - ADDED ENTRY--PERSONAL NAME
Personal name ი. გარაყანიძე.
Relator term რედაქტორი
9 (RLIN) 23479
942 ## - ADDED ENTRY ELEMENTS (KOHA)
Source of classification or shelving scheme
Koha item type წიგნი
ეგზემპლარები
ჩამოწერის სტატუსი დაკარგული ეგზემპლარის სტატუსი კლასიფიკაციის წყარო ან თაროზე გაწყობის სქემა დაზიანების სტატუსი არ გაიცემა მუდმივი მდებარეობა (დაცვის ადგილი) ამჟამინდელი ადგილსამყოფელი თაროზე განთავსების ადგილი შეძენის თარიღი ღირებულება, შესყიდვის ნორმალური ფასი სრული შენახვის შიფრი შტრიხკოდი ბოლო ოპერაციის თარიღი ეგზემპლარის მიმდევრობითი ნომერი (კეტერი?) ფასის ძალაში შესვლის თარიღი ეგზემპლარის სახეობა საჯარო შენიშვნა
          ბათუმის შოთა რუსთაველის სახელმწიფო უნივერსიტეტის მთავარი ბიბლიოთეკა ბათუმის შოთა რუსთაველის სახელმწიფო უნივერსიტეტის მთავარი ბიბლიოთეკა წიგნსაცავი 2024-10-22 8.00 616.31(075.8) თ-49 69461 2024-10-22 69461 2024-10-22 წიგნი 8 ლ.